| 000 | 01583nam a2200505 i 4500 | ||
|---|---|---|---|
| 001 | 43508 | ||
| 003 | KOSZ 005 | ||
| 005 | 20220622145005.0 | ||
| 008 | 010611s2001 pl |001 0 pol | ||
| 015 | _aPB 2001/11167 | ||
| 020 | _a8372470413 | ||
| 035 | _a991016246799705066 | ||
| 035 | _a(PL-WaBN)b14366800-48omnis_nlop | ||
| 035 | _ab14366800 | ||
| 035 | _a(OCoLC)69577377 | ||
| 035 | _a(PL)b0000001436680 | ||
| 035 | _a(EXLNZ-48OMNIS_NETWORK)9910260286105606 | ||
| 040 |
_aWA N _cWA N _dKOSZ 005/HR |
||
| 041 | 0 | _apol | |
| 046 | _k2001- | ||
| 080 | _a347.45/.46(4-67) | ||
| 100 | 1 |
_aBagan-Kurluta, Katarzyna _eAutor |
|
| 245 | 1 | 0 |
_aUmowa franchisingu / _cKatarzyna Bagan-Kurluta. |
| 260 |
_aWarszawa : _bC.H. Beck, _c2001. |
||
| 300 |
_a151 s. ; _c21 cm. |
||
| 336 |
_2rdacontent _aTekst _btxt |
||
| 337 |
_2rdamedia _aBez urządzenia pośredniczącego _bn |
||
| 338 |
_2rdacarrier _aWolumin _bnc |
||
| 380 | _aKsiążki | ||
| 380 | _aPublikacje fachowe | ||
| 388 | _a2001- | ||
| 490 | 1 | _aMonografie Prawnicze | |
| 504 | _aBibliogr. - Indeks. | ||
| 650 | 7 |
_aFranczyza _2DBN |
|
| 650 | 7 |
_aFranczyza _2DBN |
|
| 658 | _aPrawo i wymiar sprawiedliwości | ||
| 658 | _aGospodarka, ekonomia, finanse | ||
| 650 | 7 | _aUmowa | |
| 650 | 7 | _aPrawo Unii Europejskiej | |
| 710 | 2 |
_aWydawnictwo C.H. Beck _4pbl |
|
| 830 | 0 | _aMonografie Prawnicze | |
| 856 |
_uhttp://koha.tu.koszalin.pl/cgi-bin/koha/opac-detail.pl?biblionumber=43508 _yKatalog online BPK |
||
| 942 |
_2UKD _cKS |
||
| 999 |
_c43508 _d43508 |
||